Effectif équipe de France de rugby - Coupe du monde 2011 - Statistiques

Statistiques générales
  • Ce quiz a été pris 91 fois
  • Le résultat moyen est 19 sur 31
Statistiques - réponses
Poste Joueur Club % Correct
Troisième ligne aile Thierry Dusautoir Stade toulousain (cap.)
94%
Demi de mêlée Morgan Parra ASM Clermont
92%
Ailier Vincent Clerc Stade toulousain
87%
Centre Aurélien Rougerie ASM Clermont
86%
Pilier Nicolas Mas USA Perpignan
86%
Demi de mêlée Dimitri Yachvili Biarritz olympique
85%
Talonneur William Servat Stade toulousain
80%
Troisième ligne aile Imanol Harinordoquy Biarritz olympique
79%
Deuxième ligne Pascal Papé Stade français Paris
79%
Demi d'ouverture François Trinh-Duc Montpellier Hérault rugby
73%
Ailier Maxime Médard Stade toulousain
68%
Pilier Jean-Baptiste Poux Stade toulousain
65%
Troisième ligne aile Julien Bonnaire ASM Clermont
63%
Troisième ligne centre Louis Picamoles Stade toulousain
62%
Troisième ligne aile Fulgence Ouedraogo Montpellier Hérault rugby
61%
Talonneur Guilhem Guirado USA Perpignan
59%
Centre David Marty USA Perpignan
58%
Deuxième ligne Lionel Nallet Racing Métro 92
55%
Talonneur Dimitri Szarzewski Stade français Paris
54%
Ailier Alexis Palisson Rugby club toulonnais
51%
Demi d'ouverture David Skrela ASM Clermont
51%
Centre Maxime Mermoz USA Perpignan
51%
Arrière Damien Traille Biarritz olympique
49%
Arrière Cédric Heymans Aviron bayonnais
48%
Demi d'ouverture Jean-Marc Doussain Stade toulousain
48%
Deuxième ligne Julien Pierre ASM Clermont
44%
Pilier Fabien Barcella Biarritz olympique
38%
Pilier Luc Ducalcon Castres olympique
27%
Deuxième ligne Romain Millo-Chluski Stade toulousain
25%
Troisième ligne centre Raphaël Lakafia Biarritz olympique
23%
Centre Fabrice Estebanez Racing Métro 92
15%
Aucun quiz correspondant
Distribution des résultats
% des personnes avec chaque résultat
Percentile par nombre de réponses
Votre historique - résultats
Vous n’avez pas pris ce quiz